| 000 | 01653cam a2200409 a 4500 | ||
|---|---|---|---|
| 001 | 14170039 | ||
| 003 | OSt | ||
| 005 | 20140312100930.0 | ||
| 008 | 051116s2006 enk d 000 1 eng | ||
| 010 | _a 2005033596 | ||
| 020 | _a9780385751537 | ||
| 040 |
_aDLC _cDLC _dDLC |
||
| 042 | _alcac | ||
| 043 | _ae-pl--- | ||
| 050 | 0 | 0 |
_aPZ 7 _b.B69677Boy 2007 |
| 100 | 1 |
_aBoyne, John, _d1971- _925103 |
|
| 245 | 1 | 4 |
_aThe boy in the striped pajamas : _ba fable / _cby John Boyne. |
| 250 | _a1st American ed. | ||
| 260 |
_aOxford ; _aNew York : _bDavid Fickling Books, _c2006. |
||
| 300 |
_a215 p. ; _c21 cm. |
||
| 521 | _aG9 | ||
| 526 | _c1080 | ||
| 610 | 2 | 0 |
_aAuschwitz (Concentration camp) _vJuvenile fiction. _925104 |
| 610 | 2 | 1 |
_aAuschwitz (Concentration camp) _vFiction. _925105 |
| 650 | 1 |
_aConcentration camps _zPoland _vFiction. _925106 |
|
| 650 | 1 |
_aFriendship _vFiction. _925107 |
|
| 650 | 1 |
_aNazis _vFiction. _925108 |
|
| 650 | 1 |
_aHolocaust, Jewish (1939-1945) _vFiction. _925109 |
|
| 650 | 1 |
_aWorld War, 1939-1945 _xJews _vFiction. _925110 |
|
| 856 | 4 | 2 |
_3Contributor biographical information _uhttp://www.loc.gov/catdir/enhancements/fy0634/2005033596-b.html |
| 856 | 4 | 2 |
_3Publisher description _uhttp://www.loc.gov/catdir/enhancements/fy0634/2005033596-d.html |
| 856 | 4 | 1 |
_3Sample text _uhttp://www.loc.gov/catdir/enhancements/fy0665/2005033596-s.html |
| 906 |
_a7 _bcbc _corignew _d1 _eecip _f20 _gy-gencatlg |
||
| 942 |
_2lcc _cBK |
||
| 999 |
_c42952 _d42952 |
||